000 00353 a2200169 4500
001 175191
020 _a85-02-03189-9
040 _cMagnum
100 _aVillas Bôas, Newton
240 1 0 _aTópicos de física 2
_lpor
245 1 0 _aTópicos de física 2
300 _a512
362 0 _a2002
440 1 _aSaraiva
697 _aCALOR
942 _cBK
999 _c175191
_d175191